[Event "Detroit (Class A/1/5)"]
[Site "?"]
[Date "1996.??.??"]
[Round "?"]
[White "Walker, Douglas"]
[Black "Poenisch, Volker"]
[Result "0-1"]
[WhiteElo "1885"]
[BlackElo "1940"]
[PlyCount "70"]
[EventDate "1996.??.??"]

{1/(5)} 1. e4 e5 2. Nf3 Nc6 3. Bb5 a6 4. Ba4 Nf6 5. O-O Be7 6. Re1 b5 7. Bb3
O-O 8. c3 d5 9. exd5 Nxd5 10. Nxe5 Nxe5 11. Rxe5 c6 12. d4 Bd6 13. Re1 Qh4 14.
g3 Qh3 15. Be3 Bg4 16. Qd3 Rae8 17. Nd2 Re6 18. a4 f5 19. f4 Rfe8 20. axb5 Bxf4
21. Nf1 Bf3 22. Qd2 Bxe3+ 23. Rxe3 Rxe3 24. Nxe3 Rxe3 25. Qf2 axb5 26. Qf1
Qxf1+ 27. Kxf1 Re2 28. Bxd5+ cxd5 29. b3 Rxh2 30. Ra8+ Kf7 31. Ra7+ Kf6 32. Rc7
Bd1 33. Kg1 Re2 34. Rc5 Bxb3 35. Rxb5 Bc4 0-1

[Event "Lansing (MI Op/4/10)"]
[Site "?"]
[Date "1996.??.??"]
[Round "?"]
[White "Walker, Douglas"]
[Black "LaMar, Frank"]
[Result "1-0"]
[WhiteElo "1935"]
[BlackElo "2165"]
[PlyCount "63"]
[EventDate "1996.??.??"]

{4/(10)} 1. d4 d5 2. Nf3 Nc6 3. Nbd2 Bf5 4. e3 Nb4 5. Bb5+ c6 6. Ba4 b5 7. Bb3
a5 8. a4 e6 9. O-O Bd6 10. Re1 Nf6 11. h3 g5 12. Ne5 Qc7 13. Ndf3 g4 14. hxg4
Nxg4 15. c3 Na6 16. axb5 cxb5 17. Nxg4 Bxg4 18. e4 dxe4 19. Rxe4 Bf5 20. Re1
Rg8 21. Nh4 Bg4 22. Qd3 Ke7 23. Nf5+ Bxf5 24. Qxf5 Rg6 25. Bg5+ Kf8 26. Bxe6
Kg7 27. Bd5 Rg8 28. Re3 h6 29. Bh4 Nb8 30. Rf3 Rf8 31. Bf6+ Kg8 32. Qxg6# 1-0

[Event "Detroit (MI Team/3/1/1)"]
[Site "?"]
[Date "1996.??.??"]
[Round "?"]
[White "Vukadinov, M."]
[Black "Olevskiy, D."]
[Result "1-0"]
[WhiteElo "2445"]
[BlackElo "2215"]
[PlyCount "79"]
[EventDate "1996.??.??"]

{3/1} 1. d4 d5 2. c4 e6 3. Nc3 c6 4. e3 Nf6 5. Nf3 Nbd7 6. Bd3 dxc4 7. Bxc4 b5
8. Be2 b4 9. Na4 Be7 10. O-O O-O 11. Bd2 a5 12. Qc2 Bb7 13. Rfd1 Qc7 14. Rac1
Rac8 15. h3 Qb8 16. Nc5 Rfd8 17. a3 Nxc5 18. dxc5 bxa3 19. Bxa5 Rxd1+ 20. Rxd1
Qa8 21. b4 Ba6 22. Bxa6 Qxa6 23. Ra1 Bd8 24. Rxa3 Bxa5 25. Rxa5 Qb7 26. Qc4 h6
27. e4 Rb8 28. Ra4 Qc7 29. g3 Qd7 30. Qd4 Qc7 31. Qe5 Qb7 32. Nd4 Rd8 33. b5
cxb5 34. c6 Qc8 35. Ra7 b4 36. Rb7 Qa8 37. c7 Rc8 38. Rb8 Qa6 39. Qb5 Qa1+ 40.
Qf1 1-0

[Event "Detroit (MI Team/1/1/1)"]
[Site "?"]
[Date "1996.??.??"]
[Round "?"]
[White "Vukadinov, M."]
[Black "Moody, David"]
[Result "1/2-1/2"]
[WhiteElo "2445"]
[BlackElo "2000"]
[PlyCount "55"]
[EventDate "1996.??.??"]

{1/1} 1. d4 Nf6 2. c4 c5 3. d5 e6 4. Nc3 exd5 5. cxd5 d6 6. Nf3 g6 7. Bg5 h6 8.
Bh4 g5 9. Bg3 Nh5 10. Qa4+ Bd7 11. Qc2 Nxg3 12. hxg3 Bg7 13. e3 Na6 14. Rc1 Nb4
15. Qd2 O-O 16. a3 Na6 17. Bd3 Rb8 18. Qc2 b5 19. Bh7+ Kh8 20. Bf5 b4 21. Nd1
bxa3 22. Bxd7 axb2 23. Nxb2 Rxb2 24. Rxh6+ Bxh6 25. Qxb2+ Bg7 26. Qb5 Nb4 27.
Ke2 Qf6 28. Nd2 1/2-1/2

[Event "Lansing (MOR/4/12)"]
[Site "?"]
[Date "1996.??.??"]
[Round "?"]
[White "Vorhauer, Sam"]
[Black "Saulmon, Scott"]
[Result "0-1"]
[WhiteElo "1605"]
[BlackElo "1715"]
[PlyCount "72"]
[EventDate "1996.??.??"]

{4/(12)} 1. d4 Nf6 2. c3 g6 3. Bf4 Bg7 4. e3 d6 5. Bd3 O-O 6. Nf3 Nbd7 7. Qc2
Nh5 8. Nbd2 Nxf4 9. exf4 f5 10. O-O-O Nf6 11. h3 Nd5 12. g3 Bd7 13. Rde1 b5 14.
a3 a5 15. h4 b4 16. c4 Nb6 17. b3 bxa3 18. h5 c5 19. hxg6 hxg6 20. Nb1 a4 21.
Nxa3 axb3 22. Qb2 Bc6 23. Ng5 Bxd4 24. Rh6 Bxb2+ 25. Kxb2 Qe8 26. f3 e5 27.
Reh1 exf4 28. gxf4 Kg7 29. Rh7+ Kf6 30. Nb5 Bxb5 31. cxb5 c4 32. Rb7 Na4+ 33.
Kb1 Rh8 34. Rf7+ Qxf7 35. Rxh8 Rxh8 36. Nxf7 Rh1+ 0-1

[Event "Howell (US Am N/2/40)"]
[Site "?"]
[Date "1996.??.??"]
[Round "?"]
[White "Vorhauer, Sam"]
[Black "Miller, Doug"]
[Result "1-0"]
[WhiteElo "1605"]
[BlackElo "1605"]
[PlyCount "106"]
[EventDate "1996.??.??"]

{2/(40)} 1. d4 Nf6 2. c3 d5 3. Nf3 Bg4 4. e3 e6 5. Bd3 Ne4 6. Nbd2 f5 7. Be2
Nd7 8. h3 Bh5 9. Ne5 Bxe2 10. Qxe2 Nxe5 11. dxe5 Be7 12. Qb5+ Kf7 13. Qxb7 Rf8
14. Qa6 Nc5 15. Qe2 Kg8 16. O-O f4 17. Nf3 fxe3 18. Bxe3 Nd7 19. Nd4 Qb8 20.
Nxe6 Rf5 21. Qg4 g6 22. Qd4 c6 23. f4 Qxb2 24. Rab1 Qxa2 25. Rb7 c5 26. Qd2 Qa4
27. Qxd5 Nb6 28. Rxb6 axb6 29. Nc7+ Kf8 30. Ne6+ Ke8 31. Nc7+ Kf8 32. Qxa8+
Qxa8 33. Nxa8 b5 34. Nb6 Kg7 35. Nd5 Bf8 36. Nc7 Kh6 37. Rd1 b4 38. cxb4 cxb4
39. Rd7 b3 40. Ne6 Bb4 41. Rb7 Ba5 42. Rxb3 Be1 43. Rb7 Bg3 44. Kf1 Bh4 45. g4
Rxe5 46. fxe5+ g5 47. Rb6 Kg6 48. Nf4+ Kf7 49. Nh5 Ke7 50. Bc5+ Kd8 51. Rb7 h6
52. Bf2 Ke8 53. Bxh4 Kf8 1-0

[Event "Lansing (MOR/6/13)"]
[Site "?"]
[Date "1996.??.??"]
[Round "?"]
[White "Vorhauer, Sam"]
[Black "Jointer, William"]
[Result "0-1"]
[WhiteElo "1605"]
[BlackElo "1710"]
[PlyCount "74"]
[EventDate "1996.??.??"]

{6/(13)} 1. d4 Nf6 2. Nf3 g6 3. Bf4 Bg7 4. e3 O-O 5. Bd3 d6 6. c3 Bg4 7. h3
Bxf3 8. Qxf3 c6 9. g4 Nbd7 10. Qd1 e5 11. Bh2 exd4 12. Bxd6 Re8 13. cxd4 Qa5+
14. Qd2 Qd5 15. O-O Qxd6 16. Nc3 Rad8 17. Qc2 Qe6 18. Be2 Nd5 19. Bc4 Nxe3 20.
Bxe6 Nxc2 21. Bxd7 Rxd7 22. Rad1 Nxd4 23. Kg2 Red8 24. Rfe1 Ne6 25. Rxd7 Rxd7
26. Kg3 Rd3+ 27. Re3 Rxe3+ 28. fxe3 b5 29. Nd1 a5 30. b3 Be5+ 31. Kf3 f6 32. h4
Nc5 33. Ke2 Kf7 34. Nf2 Bg3 35. h5 Bxf2 36. hxg6+ Kxg6 37. Kxf2 Nd3+ 0-1

[Event "Lansing (MOR/2/13)"]
[Site "?"]
[Date "1996.??.??"]
[Round "?"]
[White "Vorhauer, Sam"]
[Black "Grzegorczyk, Ron"]
[Result "0-1"]
[WhiteElo "1605"]
[BlackElo "1680"]
[PlyCount "78"]
[EventDate "1996.??.??"]

{2/(13)} 1. d4 d5 2. e3 Nf6 3. Bd3 g6 4. f4 Bg7 5. Nf3 Bg4 6. Nbd2 a6 7. c3 O-O
8. Qc2 Qc8 9. h3 Be6 10. Nf1 c5 11. Ng3 c4 12. Be2 Nc6 13. Ne5 Nxe5 14. fxe5
Ne8 15. e4 f6 16. exf6 exf6 17. Be3 Qc7 18. Nf1 Nd6 19. Bf3 dxe4 20. Be2 Bd5
21. Bf4 Qc6 22. Ne3 b5 23. O-O-O a5 24. Nxd5 Qxd5 25. Bxd6 Qxd6 26. Qxe4 Rae8
27. Qc2 Re3 28. Kb1 Rfe8 29. Bf3 Bh6 30. Rhf1 Kg7 31. a3 b4 32. cxb4 axb4 33.
Qxc4 bxa3 34. Qa4 axb2 35. Qa7+ R8e7 36. Qc5 Qa6 37. Kxb2 Qa4 38. Ra1 Qb3+ 39.
Kc1 Re1# 0-1

[Event "Howell (US Am N/4/40)"]
[Site "?"]
[Date "1996.??.??"]
[Round "?"]
[White "Vorhauer, Sam"]
[Black "Grant, Marco"]
[Result "0-1"]
[WhiteElo "1605"]
[BlackElo "1605"]
[PlyCount "136"]
[EventDate "1996.??.??"]

{4/(40)} 1. d4 d5 2. e3 Nf6 3. f4 Bf5 4. Bd3 Ne4 5. c4 dxc4 6. Bxc4 e6 7. Nf3
Bb4+ 8. Bd2 Nxd2 9. Nbxd2 Bg4 10. O-O c6 11. Ne4 b6 12. a3 Be7 13. Qb3 Nd7 14.
Rad1 b5 15. Bd3 Qb6 16. Rc1 a6 17. Ne5 Nxe5 18. fxe5 a5 19. Nc5 Qc7 20. Qc2 Bg5
21. Rce1 Bh4 22. g3 Be7 23. Rc1 Bh3 24. Rf2 g6 25. Ne4 Rc8 26. Bxb5 Bf5 27. Bd3
c5 28. Nf6+ Bxf6 29. exf6 Bxd3 30. Qxd3 Qd6 31. Qb5+ Qc6 32. Qxc5 Qxc5 33. dxc5
O-O 34. c6 Rfd8 35. b4 axb4 36. axb4 Rd5 37. c7 Kf8 38. Rb2 Rb5 39. Rc5 Rb7 40.
Rd2 Ke8 41. Rd8+ Rxd8 42. c8=Q Rxc8 43. Rxc8+ Kd7 44. Rh8 h5 45. Rh7 Kd6 46.
Rh8 Rxb4 47. Rf8 Rb7 48. Re8 Ke5 49. Re7 Rb1+ 50. Kg2 Kxf6 51. Rc7 e5 52. Rc6+
Kf5 53. h4 Rb3 54. Kf2 Rb2+ 55. Ke1 Rg2 56. e4+ Kxe4 57. Rf6 Rxg3 58. Rxf7 Rg4
59. Rc7 Kf4 60. Rc6 Kf5 61. Kf2 Rxh4 62. Rc5 g5 63. Rc8 Rf4+ 64. Ke3 h4 65.
Rf8+ Kg4 66. Re8 h3 67. Rh8 Kg3 68. Rg8 g4 0-1

[Event "Howell (US Am N/6/33)"]
[Site "?"]
[Date "1996.??.??"]
[Round "?"]
[White "Vorhauer, Sam"]
[Black "Berry, DeMarcus"]
[Result "1-0"]
[WhiteElo "1605"]
[BlackElo "1605"]
[PlyCount "51"]
[EventDate "1996.??.??"]

{6/(33)} 1. d4 Nf6 2. Nf3 e6 3. Bg5 Be7 4. Bxf6 Bxf6 5. e3 d5 6. Bd3 Nd7 7.
Nbd2 Be7 8. e4 c6 9. c3 c5 10. O-O c4 11. Bc2 O-O 12. e5 f6 13. Re1 Qb6 14. Qb1
g6 15. Re3 fxe5 16. Nxe5 Nxe5 17. Rxe5 Bf6 18. Re3 Bg5 19. Rg3 Bh4 20. Rf3 Bd7
21. Bxg6 h6 22. Bh7+ Kh8 23. Qg6 Qxb2 24. Qxh6 Qxa1+ 25. Bb1+ Kg8 26. Qh7# 1-0

[Event "Kalamazoo (Mini-Swiss.2/2)"]
[Site "?"]
[Date "1996.??.??"]
[Round "?"]
[White "Virupannavar, V."]
[Black "Masse, David"]
[Result "0-1"]
[WhiteElo "1605"]
[BlackElo "1650"]
[PlyCount "96"]
[EventDate "1996.??.??"]

{2/(2)} 1. e3 g6 2. d3 Bg7 3. Nf3 d6 4. Nc3 e5 5. Nd5 c6 6. Nb4 a5 7. c3 axb4
8. cxb4 Na6 9. h4 Nxb4 10. Qb3 Qa5 11. Bd2 c5 12. Ng5 Nh6 13. h5 Qd8 14. e4 d5
15. Bxb4 cxb4 16. Qxb4 Qxg5 17. Qb5+ Bd7 18. Qxb7 Rc8 19. Qxd5 Rc2 20. Qa8+ Ke7
21. Qa3+ Kd8 22. Qa5+ Ke8 23. Rd1 Ng4 24. Qa8+ Qd8 25. Qxd8+ Kxd8 26. hxg6 Nxf2
27. Rxh7 Rxh7 28. gxh7 Nxd1 29. Kxd1 Rxb2 30. a3 Rb1+ 31. Ke2 Bg4+ 32. Kf2 Rb3
33. a4 Ra3 34. Kg3 Bh5 35. Kh4 Bg6 36. a5 Rxa5 37. g4 Bxh7 38. g5 Ra1 39. Bg2
Rd1 40. Kh5 Rxd3 41. Bf1 Re3 42. Bg2 Bxe4 43. Bxe4 Rxe4 44. g6 fxg6+ 45. Kg5
Re1 46. Kg4 Rf1 47. Kg3 e4 48. Kg2 Rf8 0-1

[Event "Ann Arbor (Mini-Swiss/3/6)"]
[Site "?"]
[Date "1996.??.??"]
[Round "?"]
[White "Venia, Mike"]
[Black "Stockman, David"]
[Result "1/2-1/2"]
[WhiteElo "1605"]
[BlackElo "1635"]
[PlyCount "59"]
[EventDate "1996.??.??"]

{3/(6)} 1. e4 e6 2. d4 d5 3. exd5 exd5 4. Nf3 Nf6 5. Bd3 Bg4 6. O-O Be7 7. Be3
O-O 8. Nbd2 Nbd7 9. c3 c5 10. dxc5 Nxc5 11. Be2 Bf5 12. Nb3 Qc7 13. Nxc5 Bxc5
14. Bxc5 Qxc5 15. Nd4 Bg6 16. f3 Ne8 17. Bd3 Bxd3 18. Qxd3 Nd6 19. Rfe1 Rfe8
20. b3 a6 21. Kf1 Qa3 22. Nf5 Qc5 23. Nxd6 Qxd6 24. Rxe8+ Rxe8 25. Re1 Rxe1+
26. Kxe1 Qxh2 27. Qxd5 g6 28. Qd8+ Kg7 29. Qd4+ Kg8 30. Qd8+ 1/2-1/2

[Event "Ann Arbor (Mini-Swiss/1/9)"]
[Site "?"]
[Date "1996.??.??"]
[Round "?"]
[White "Venia, Mike"]
[Black "Haddad, Wade"]
[Result "1-0"]
[WhiteElo "1605"]
[BlackElo "1635"]
[PlyCount "79"]
[EventDate "1996.??.??"]

{1/(9)} 1. c4 Nc6 2. Nc3 e5 3. Nf3 Nf6 4. g3 Bb4 5. d3 O-O 6. Bd2 d6 7. Bg2 Be6
8. O-O Ng4 9. Ng5 Bd7 10. h3 Nf6 11. a3 Bc5 12. b4 Bd4 13. Rb1 Nh5 14. Kh2 Bxc3
15. Nxh7 Kxh7 16. Bxc3 Rc8 17. e3 g6 18. b5 Ne7 19. Bxb7 Rb8 20. Bf3 Kg7 21. d4
Rh8 22. dxe5 dxe5 23. g4 Qc8 24. gxh5 Bxh3 25. Bxe5+ f6 26. Bxf6+ Kxf6 27. Qd4+
Kf7 28. Rg1 Qf5 29. hxg6+ Nxg6 30. Bd5+ Kf8 31. f4 Bf1+ 32. Kg3 Qh3+ 33. Kf2
Qh2+ 34. Kxf1 Qh3+ 35. Ke2 Nxf4+ 36. Qxf4+ Ke8 37. Rh1 Qxh1 38. Rxh1 Rf8 39.
Qxf8+ Kxf8 40. Rh8+ 1-0

[Event "Flint (MI Jr/2/22)"]
[Site "?"]
[Date "1996.??.??"]
[Round "?"]
[White "Venia, A."]
[Black "Simmons, M."]
[Result "1-0"]
[WhiteElo "1605"]
[BlackElo "1605"]
[PlyCount "81"]
[EventDate "1996.??.??"]

{2/(22)} 1. c4 e6 2. Nc3 Bc5 3. Nf3 Nf6 4. g3 O-O 5. Bg2 b6 6. O-O Bb7 7. d3 d5
8. Ne5 dxc4 9. Bxb7 Nbd7 10. Nxd7 Nxd7 11. Bxa8 Qxa8 12. dxc4 Rd8 13. Qc2 Ne5
14. Bf4 Ng6 15. Bxc7 Rd4 16. Rad1 Qb7 17. Rxd4 Bxd4 18. Rd1 Qxc7 19. Rxd4 h6
20. Nb5 Qe7 21. Qd3 f5 22. Rd7 Qf6 23. Rxa7 Ne5 24. Ra8+ Kh7 25. Qd8 Qxd8 26.
Rxd8 Nxc4 27. b3 Ne5 28. Rd6 Nf7 29. Rxb6 e5 30. a3 f4 31. a4 fxg3 32. hxg3 g5
33. a5 h5 34. a6 h4 35. a7 hxg3 36. a8=Q gxf2+ 37. Kxf2 Nh6 38. Qb7+ Kh8 39.
Rxh6+ Kg8 40. Rh7 g4 41. Qg7# 1-0

[Event "Ann Arbor (Mini-Swiss/2/13)"]
[Site "?"]
[Date "1996.??.??"]
[Round "?"]
[White "Venia, A."]
[Black "Frantz, John W"]
[Result "1/2-1/2"]
[WhiteElo "1605"]
[BlackElo "1605"]
[PlyCount "93"]
[EventDate "1996.??.??"]

{2/(13)} 1. c4 c5 2. Nc3 g6 3. Nf3 Bg7 4. d4 cxd4 5. Nxd4 e5 6. Nf3 b6 7. e4
Bb7 8. Bd3 Nc6 9. O-O Qc7 10. Nd5 Qd6 11. Bg5 f6 12. Bd2 Nge7 13. Qc1 Rc8 14.
Bc3 O-O 15. Rd1 Ba6 16. c5 Qxc5 17. Bxa6 Rce8 18. Bd3 Nxd5 19. exd5 e4 20. Bxe4
Rxe4 21. dxc6 dxc6 22. Re1 f5 23. Bxg7 Kxg7 24. Qxc5 bxc5 25. Rxe4 fxe4 26. Ne5
Rf6 27. Re1 Rd6 28. h3 Kf6 29. Nc4 Rd4 30. b3 Kf5 31. f3 exf3 32. gxf3 Kf4 33.
Kf2 h5 34. h4 g5 35. Re4+ Rxe4 36. fxe4 gxh4 37. Kg2 Kxe4 38. Kh3 Kd4 39. Kxh4
Kc3 40. Kxh5 Kb4 41. Kg5 a5 42. Kf5 a4 43. Ke4 axb3 44. axb3 Kxb3 45. Kd3 Kb4
46. Nd2 Kb5 47. Nc4 1/2-1/2

[Event "Flint (MI Jr/4/21)"]
[Site "?"]
[Date "1996.??.??"]
[Round "?"]
[White "Venia, A."]
[Black "Bentley, S."]
[Result "0-1"]
[WhiteElo "1605"]
[BlackElo "1605"]
[PlyCount "71"]
[EventDate "1996.??.??"]

{4/(21)} 1. c4 e5 2. Nc3 Bb4 3. Nf3 d6 4. g3 Bg4 5. Bg2 Nf6 6. O-O O-O 7. Qb3
Nc6 8. Nd5 a5 9. Nxb4 axb4 10. d3 Bxf3 11. Bxf3 Nd4 12. Qd1 Nxf3+ 13. exf3 d5
14. f4 exf4 15. Bxf4 dxc4 16. dxc4 b3 17. Qxb3 b6 18. Rad1 Qc8 19. Rfe1 Qh3 20.
f3 Rfe8 21. Bxc7 g6 22. Rxe8+ Rxe8 23. Qxb6 Re2 24. Rd8+ Kg7 25. Qf2 Rxf2 26.
Kxf2 Qxh2+ 27. Ke3 Qg1+ 28. Kd3 Qf1+ 29. Ke3 Qxc4 30. Be5 Qc5+ 31. Bd4 Qe7+ 32.
Kd3 Qxd8 33. a4 h5 34. b4 Kg8 35. Kc4 Qd5+ 36. Kc3 0-1

[Event "Lansing (MOR/4/17)"]
[Site "?"]
[Date "1996.??.??"]
[Round "?"]
[White "Velasquez, A."]
[Black "Wright, Walter"]
[Result "0-1"]
[WhiteElo "1690"]
[BlackElo "1605"]
[PlyCount "76"]
[EventDate "1996.??.??"]

{4/(17)} 1. d4 Nf6 2. Nf3 g6 3. e3 Bg7 4. c4 d6 5. Nc3 O-O 6. Be2 Nbd7 7. O-O
e5 8. b4 b6 9. a4 a5 10. b5 Re8 11. Qb3 h6 12. Ba3 exd4 13. exd4 Bb7 14. Rfe1
Re7 15. Rad1 Qe8 16. Kf1 Rd8 17. Nh4 Kh8 18. Bf3 Bxf3 19. Nxf3 Ne4 20. Nd5 f5
21. Nxe7 Qxe7 22. Qe3 Qf7 23. c5 Re8 24. Qc1 dxc5 25. dxc5 Ndxc5 26. Bxc5 bxc5
27. Re3 Qa2 28. Rxe4 Rxe4 29. Nd2 Rxa4 30. Qxc5 Rd4 31. Ke2 Qe6+ 32. Kf1 Qd7
33. Ke2 Rd5 34. Qc6 Re5+ 35. Kf1 Qd3+ 36. Kg1 Qxd2 37. Rf1 Re1 38. Qe4 Bd4 0-1

[Event "Howell (US Am N/4/36)"]
[Site "?"]
[Date "1996.??.??"]
[Round "?"]
[White "Velasquez, A."]
[Black "Rosati, S."]
[Result "1/2-1/2"]
[WhiteElo "1740"]
[BlackElo "1605"]
[PlyCount "88"]
[EventDate "1996.??.??"]

{4/(36)} 1. Nf3 e6 2. g3 c5 3. Bg2 Nf6 4. O-O d5 5. d3 Be7 6. Nbd2 Nc6 7. e4
dxe4 8. dxe4 Qc7 9. Re1 O-O 10. c3 Nd7 11. Nf1 e5 12. h4 Re8 13. Ne3 Nf6 14.
Nf5 Bf8 15. Nh2 g6 16. Ne3 Be6 17. g4 Rad8 18. Qe2 h5 19. Qf3 Bg7 20. gxh5 Nxh5
21. Nd5 Bxd5 22. exd5 Ne7 23. Rd1 Nf5 24. Qg4 Nf6 25. Qh3 e4 26. Ng4 Nxd5 27.
h5 Nf4 28. Bxf4 Qxf4 29. Rxd8 Rxd8 30. Re1 Re8 31. h6 Nxh6 32. Nxh6+ Qxh6 33.
Qd7 Re6 34. Qxb7 Qd2 35. Rxe4 Qc1+ 36. Kh2 Rxe4 37. Qb8+ Bf8 38. Bxe4 Qd2 39.
Kg2 Kg7 40. a3 Bd6 41. Qd8 Bf4 42. Qxd2 Bxd2 43. Kf3 Bc1 44. b4 Bxa3 1/2-1/2

[Event "Lansing (MOR/2/11)"]
[Site "?"]
[Date "1996.??.??"]
[Round "?"]
[White "Velasquez, A."]
[Black "Nixon, Peter"]
[Result "1-0"]
[WhiteElo "1690"]
[BlackElo "1605"]
[PlyCount "63"]
[EventDate "1996.??.??"]

{2/(11)} 1. d4 d5 2. Nf3 Nf6 3. e3 e6 4. Bd3 Nc6 5. c3 Bd6 6. Nbd2 e5 7. e4
dxe4 8. Nxe4 exd4 9. cxd4 Bb4+ 10. Bd2 Bxd2+ 11. Qxd2 Nxd4 12. Nxd4 O-O 13.
Nxf6+ Qxf6 14. O-O Rd8 15. Nf3 Bf5 16. Ne1 Rd6 17. Rd1 Rad8 18. Qe2 Kf8 19. b3
Bxd3 20. Nxd3 Re8 21. Qc2 Rc6 22. Qb1 Re2 23. Nb4 Rd6 24. Rxd6 cxd6 25. Qd1 Qe6
26. Qd3 g6 27. Qd4 Kg8 28. Qxa7 Re1 29. Qxb7 Qe2 30. Qc8+ Kg7 31. Qc3+ Kg8 32.
Rxe1 1-0

[Event "Howell (US Am N/2/7)"]
[Site "?"]
[Date "1996.??.??"]
[Round "?"]
[White "Velasquez, A."]
[Black "Kitts, Gary"]
[Result "0-1"]
[WhiteElo "1740"]
[BlackElo "2035"]
[PlyCount "74"]
[EventDate "1996.??.??"]

{2/(7)} 1. Nf3 Nf6 2. g3 g6 3. Bg2 Bg7 4. O-O O-O 5. d3 d5 6. Nbd2 c5 7. e4 d4
8. Re1 Nc6 9. a4 Qc7 10. h3 Nd7 11. Nc4 e5 12. Nfd2 b6 13. Nf1 Bb7 14. Nh2 a6
15. Na3 Ne7 16. f4 f5 17. Rf1 fxe4 18. dxe4 Nf6 19. Qd3 Nc6 20. Bd2 Kh8 21.
Rae1 Rae8 22. f5 Ne7 23. g4 gxf5 24. gxf5 Nc8 25. Ng4 Nd6 26. b3 Qf7 27. Nxf6
Bxf6 28. Re2 Rg8 29. Be1 Qh5 30. Kh2 Re7 31. c4 Reg7 32. Nb1 Rxg2+ 33. Rxg2
Rxg2+ 34. Kxg2 Bxe4+ 35. Qxe4 Nxe4 36. Kh2 Qe2+ 37. Kg1 Bg5 0-1

[Event "Lansing (MOR/6/15)"]
[Site "?"]
[Date "1996.??.??"]
[Round "?"]
[White "Velasquez, A."]
[Black "Kane, Paul"]
[Result "1-0"]
[WhiteElo "1690"]
[BlackElo "1605"]
[PlyCount "91"]
[EventDate "1996.??.??"]

{6/(15)} 1. d4 d5 2. Nf3 Nf6 3. e3 Bf5 4. c4 c6 5. Nc3 e6 6. cxd5 cxd5 7. Qb3
Qb6 8. Bb5+ Nc6 9. Ne5 Rc8 10. O-O Bd6 11. Nxc6 bxc6 12. Ba4 O-O 13. Bd2 Rb8
14. Rfc1 Qc7 15. Qd1 Bxh2+ 16. Kh1 Bd6 17. Nb5 Qd7 18. Nxd6 Qxd6 19. Rxc6 Qd8
20. b3 Ng4 21. Kg1 Qh4 22. Be1 Qh2+ 23. Kf1 Be4 24. Ke2 Qxg2 25. Kd2 Bf3 26.
Qc1 Nxf2 27. Bxf2 Qxf2+ 28. Kc3 Rfc8 29. Qd2 Rxc6+ 30. Bxc6 Qh4 31. Kb2 Rc8 32.
Bb5 Be4 33. Bd3 Bxd3 34. Qxd3 Qh2+ 35. Ka3 Qd6+ 36. Kb2 f5 37. Rh1 g5 38. Qd1
g4 39. Rh6 Rc7 40. Qh1 Qg3 41. Rxe6 Qf3 42. Qh6 Qe2+ 43. Ka3 Qb5 44. Qg5+ Rg7
45. Qd8+ Kf7 46. Rf6# 1-0

[Event "Howell (US Am N/6/26)"]
[Site "?"]
[Date "1996.??.??"]
[Round "?"]
[White "Velasquez, A."]
[Black "Gregg, Ted"]
[Result "1/2-1/2"]
[WhiteElo "1740"]
[BlackElo "1605"]
[PlyCount "71"]
[EventDate "1996.??.??"]

{6/(26)} 1. Nf3 Nc6 2. g3 d5 3. Bg2 e6 4. O-O Bd6 5. d3 Nge7 6. Nbd2 Bd7 7. Re1
O-O 8. e4 dxe4 9. dxe4 e5 10. c3 Bg4 11. h3 Bh5 12. g4 Bg6 13. Nh4 h6 14. Nxg6
Nxg6 15. Nf3 Be7 16. Qe2 Bh4 17. Nxh4 Nxh4 18. Bh1 Qf6 19. Kh2 Rad8 20. g5 hxg5
21. Rg1 Qe6 22. Bxg5 Ng6 23. Bxd8 Nf4 24. Qg4 Qxg4 25. Rxg4 Rxd8 26. Kg3 Rd2
27. Rb1 Ne7 28. Bg2 Nd3 29. f3 Ng6 30. Bf1 Nf2 31. Rxg6 fxg6 32. Bc4+ Kf8 33.
Bb3 Ke7 34. h4 Nd3 35. Rd1 Rxd1 36. Bxd1 1/2-1/2

[Event "Detroit (WCO/4/5)"]
[Site "?"]
[Date "1996.??.??"]
[Round "?"]
[White "Vaughn, Gerald"]
[Black "Peiter, H."]
[Result "0-1"]
[WhiteElo "1605"]
[BlackElo "1770"]
[PlyCount "56"]
[EventDate "1996.??.??"]

{4/(5)} 1. d4 d5 2. c4 c6 3. Nc3 Nf6 4. Bg5 dxc4 5. Bxf6 exf6 6. e4 b5 7. a4
Bb4 8. Nf3 O-O 9. Be2 Re8 10. Qc2 Bg4 11. axb5 cxb5 12. d5 f5 13. exf5 Bxf3 14.
gxf3 Qxd5 15. Kf1 Bxc3 16. bxc3 Qe5 17. Rd1 Nc6 18. h4 Ne7 19. Rg1 Qxf5 20. Qd2
Qh3+ 21. Rg2 Ng6 22. Qd4 Qxh4 23. f4 Qxf4 24. Qd5 Qe5 25. Qd2 Qxe2+ 26. Qxe2
Rxe2 27. Rxg6 Rxf2+ 28. Kxf2 fxg6 0-1

[Event "Detroit (Class C/2/15)"]
[Site "?"]
[Date "1996.??.??"]
[Round "?"]
[White "Vaughn, Gerald"]
[Black "Oprean, G."]
[Result "0-1"]
[WhiteElo "1605"]
[BlackElo "1605"]
[PlyCount "54"]
[EventDate "1996.??.??"]

{2/(15)} 1. d4 d5 2. c4 c6 3. Nc3 Nf6 4. Nf3 dxc4 5. e4 b5 6. e5 Nd5 7. a4 Nxc3
8. bxc3 e6 9. Ng5 Be7 10. Qh5 Bxg5 11. Qxg5 O-O 12. Qxd8 Rxd8 13. axb5 cxb5 14.
Ba3 a6 15. Be2 Bb7 16. O-O Nd7 17. Bf3 Bxf3 18. gxf3 f6 19. f4 f5 20. Kh1 Nb6
21. Bc1 Nd5 22. Bd2 a5 23. Rfc1 b4 24. cxb4 axb4 25. Rxa8 Rxa8 26. Kg2 c3 27.
Bxc3 bxc3 0-1

[Event "Detroit (Class C/4/11)"]
[Site "?"]
[Date "1996.??.??"]
[Round "?"]
[White "Vaughn, Gerald"]
[Black "Nixon, Peter"]
[Result "0-1"]
[WhiteElo "1605"]
[BlackElo "1605"]
[PlyCount "68"]
[EventDate "1996.??.??"]

{4/(11)} 1. d4 d5 2. c4 Nf6 3. cxd5 Qxd5 4. Nc3 Qd8 5. e4 c5 6. d5 e6 7. Bb5+
Bd7 8. dxe6 fxe6 9. e5 a6 10. Bxd7+ Nfxd7 11. Nf3 Nc6 12. Ng5 Qe7 13. Nce4
Ncxe5 14. Qb3 O-O-O 15. Nxe6 c4 16. Qh3 Re8 17. Nxf8 Nd3+ 18. Kf1 Qxe4 19.
Qxd7+ Kb8 20. Qd6+ Ka8 21. Be3 Rhxf8 22. Qb6 Qxe3 23. Qxe3 Rxe3 24. f3 Rfe8 25.
g4 Rxf3+ 26. Kg2 Rf2+ 27. Kg3 Re3+ 28. Kh4 h6 29. g5 Re4+ 30. Kh5 Nf4+ 31. Kg4
Nd3+ 32. Kh5 hxg5 33. Kxg5 Rg2+ 34. Kf5 Re5# 0-1

[Event "Detroit (WCO/2/8)"]
[Site "?"]
[Date "1996.??.??"]
[Round "?"]
[White "Vaughn, Gerald"]
[Black "Libby, Dan"]
[Result "0-1"]
[WhiteElo "1605"]
[BlackElo "1705"]
[PlyCount "68"]
[EventDate "1996.??.??"]

{2/(8)} 1. d4 Nf6 2. c4 g6 3. Nf3 Bg7 4. Nc3 d5 5. Bg5 c6 6. e3 O-O 7. Be2 Bg4
8. Bxf6 Bxf6 9. Qb3 dxc4 10. Qxb7 Qb6 11. Qxb6 axb6 12. Bxc4 Bxf3 13. gxf3 Na6
14. a3 b5 15. Bd3 Nb4 16. Be4 e6 17. Nxb5 cxb5 18. Kd2 Nd5 19. Bd3 Rab8 20.
Rhc1 b4 21. a4 e5 22. Rc5 Rfd8 23. Bc4 Nb6 24. Bb3 exd4 25. Rc7 dxe3+ 26. Kxe3
Nd5+ 27. Bxd5 Rxd5 28. f4 Bxb2 29. Ra2 Ba3 30. Ke4 Ra5 31. Rd2 Rxa4 32. Rdd7
b3+ 33. Kf3 b2 34. Rxf7 Bf8 0-1

[Event "Detroit (Class C/1/13)"]
[Site "?"]
[Date "1996.??.??"]
[Round "?"]
[White "Vaughn, Gerald"]
[Black "Bloch, Hermann"]
[Result "0-1"]
[WhiteElo "1605"]
[BlackElo "1605"]
[PlyCount "56"]
[EventDate "1996.??.??"]

{1/(13)} 1. d4 d5 2. c4 c6 3. Nc3 Nf6 4. Nf3 Bg4 5. Ne5 Bh5 6. cxd5 Nxd5 7. Qb3
Qb6 8. Qxb6 Nxb6 9. g4 Bg6 10. e4 N8d7 11. Nxg6 hxg6 12. f4 O-O-O 13. Be3 e6
14. e5 Bb4 15. a3 Nd5 16. Bd2 Nxc3 17. axb4 Ne4 18. Rxa7 Nxd2 19. Kxd2 Nb6 20.
Kd3 Nd5 21. Bg2 Nxf4+ 22. Kc4 Nxg2 23. Ra8+ Kc7 24. Rxd8 Kxd8 25. Kc5 Kc7 26.
g5 Rh3 27. Rf1 b6+ 28. Kc4 Ne3+ 0-1

[Event "Detroit (Class DE/2/9)"]
[Site "?"]
[Date "1996.??.??"]
[Round "?"]
[White "Vangilder, W."]
[Black "Menczer, David"]
[Result "1-0"]
[WhiteElo "1605"]
[BlackElo "1605"]
[PlyCount "99"]
[EventDate "1996.??.??"]

{2/(9)} 1. d4 d5 2. c4 e6 3. Nc3 Nf6 4. cxd5 exd5 5. Bg5 Be7 6. e3 O-O 7. Bd3
c6 8. Qc2 g6 9. Nf3 Ng4 10. Bxe7 Qxe7 11. O-O c5 12. Nxd5 Qd6 13. Qxc5 Qxc5 14.
dxc5 Nd7 15. b4 Nde5 16. Be2 Be6 17. Nc7 Rac8 18. Nxe6 fxe6 19. h3 Nxf3+ 20.
Bxf3 Nf6 21. Bxb7 Rc7 22. Ba6 Nd5 23. a3 Rd8 24. Rfd1 Rb8 25. Bc4 Nxb4 26. axb4
Rxb4 27. Rac1 Rc6 28. Rd6 Rxd6 29. cxd6 Rb8 30. Bxe6+ Kf8 31. d7 Rd8 32. Rc8
Ke7 33. Rxd8 Kxd8 34. Kf1 a5 35. Ke2 a4 36. Kd3 a3 37. Kc3 a2 38. Kb2 a1=Q+ 39.
Kxa1 Ke7 40. g4 Kd8 41. f4 Ke7 42. e4 Kd8 43. f5 gxf5 44. exf5 h5 45. f6 hxg4
46. hxg4 Kc7 47. f7 Kd6 48. f8=Q+ Kxe6 49. d8=Q Ke5 50. Qf5# 1-0